Normal view
MARC view
- Filipe, Joaquim, Cetto, Juan Andrade, Ferrier, Jean Louis
Entry Personal Name
001 - CONTROL NUMBER
- control field: 68794
003 - CONTROL NUMBER IDENTIFIER
- control field: NUST
005 - DATE AND TIME OF LATEST TRANSACTION
- control field: 20210628204118.0
008 - FIXED-LENGTH DATA ELEMENTS
- fixed length control field: 210628|| aca||aabn | a|a d
040 ## - CATALOGING SOURCE
- Original cataloging agency: NUST
- Transcribing agency: NUST
100 ## - HEADING--PERSONAL NAME
- Personal name: Filipe, Joaquim, Cetto, Juan Andrade, Ferrier, Jean Louis
670 ## - SOURCE DATA FOUND
- Source citation: Work cat.: (NUST): Filipe, Joaquim, Cetto, Juan Andrade, Ferrier, Jean Louis, IInformatics in control, automation and robotics, selected papers from the international conference on informatics in control, automation and robotics 2007, 2009
